[Event "Cracovia Chess Festival A 2021"]
[Site "Cracow"]
[Date "2022.01.04"]
[Round "9.8"]
[White "Lewtak, Damian"]
[Black "Tsaknakis, Zisis"]
[Result "1-0"]
[WhiteElo "2383"]
[BlackElo "2202"]
[Annotator "ChessBase"]
[PlyCount "121"]
[EventDate "2021.12.27"]
[EventCountry "POL"]
[SourceTitle "playchess.com"]
[Source "ChessBase"]
[SourceQuality "1"]
[TimeControl "40/5400+30:1800+30"]

1. d4 {[%emt 0:00:25]} d5 {[%emt 0:06:11]} 2. c3 {[%emt 0:00:13]} Nf6 {[%emt 0:00:44]} 3. Bf4 {[%emt 0:00:07]} c5 {[%emt 0:02:45]} 4. e3 {[%emt 0:00:07]} Nc6 {[%emt 0:00:37]} 5. Nd2 {[%emt 0:00:05]} Qb6 {[%emt 0:02:36]} 6. Qb3 {[%emt 0:00:27]} c4 {[%emt 0:01:15]} 7. Qc2 {[%emt 0:00:21]} Nh5 {[%emt 0:02:32]} 8. Bg5 {[%emt 0:00:38]} h6 {[%emt 0:02:28]} 9. Bh4 {[%emt 0:00:12]} g5 {[%emt 0:01:27]} 10. Be2 {[%emt 0:00:44]} gxh4 {[%emt 0:10:09]} 11. Bxh5 {[%emt 0:00:22]} e5 {[%emt 0:00:14]} 12. dxe5 {[%emt 0:03:52]} Nxe5 {[%emt 0:00:03]} 13. Be2 {[%emt 0:00:06]} Rg8 {[%emt 0:12:16]} 14. Ngf3 {[%emt 0:00:07]} Nxf3+ {[%emt 0:00:38]} 15. Bxf3 {[%emt 0:02:53]} Be6 {[%emt 0:00:34]} 16. b3 {[%emt 0:07:06]} cxb3 {[%emt 0:00:02]} 17. Nxb3 {[%emt 0:00:10]} Rc8 {[%emt 0:08:55]} 18. O-O {[%emt 0:00:36]} Rg5 {[%emt 0:01:21]} 19. Nd4 {[%emt 0:02:07]} Bd7 {[%emt 0:09:12]} 20. Rab1 {[%emt 0:10:08]} Qc7 {[%emt 0:00:33]} 21. Qb3 {[%emt 0:00:23]} b6 {[%emt 0:07:02]} 22. Bxd5 {[%emt 0:03:26]} Qxc3 {[%emt 0:00:15]} 23. Bxf7+ {[%emt 0:03:31]} Ke7 {[%emt 0:00:02]} 24. Nf3 {[%emt 0:02:36]} Rg7 {[%emt 0:04:53]} 25. Qxc3 {[%emt 0:06:28]} Rc7 26. Qc4 Rxc4 {[%emt 0:00:34]} 27. Be6 Rc3 28. Bd5 {[%emt 0:01:08]} h3 {[%emt 0:04:56]} 29. g3 {[%emt 0:00:11]} Kd6 {[%emt 0:05:38]} 30. Rfd1 {[%emt 0:03:25]} Bg4 {[%emt 0:03:10]} 31. Be4+ {[%emt 0:00:07]} Ke6 {[%emt 0:01:41]} 32. Nd4+ {[%emt 0:03:32]} Ke5 {[%emt 0:03:19]} 33. Bf3 {[%emt 0:00:30]} Bxf3 {[%emt 0:02:27]} 34. Nxf3+ {[%emt 0:00:06]} Kf6 {[%emt 0:02:16]} 35. Rd2 {[%emt 0:02:57]} Rgc7 {[%emt 0:00:45]} 36. Nd4 {[%emt 0:33:35]} Bb4 {[%emt 0:04:41]} 37. Kf1 {[%emt 0:02:05]} Rc1+ {[%emt 0:01:02]} 38. Rd1 {[%emt 0:00:12]} Rxd1+ {[%emt 0:00:09]} 39. Rxd1 {[%emt 0:00:18]} Rc3 {[%emt 0:01:38]} 40. Nb5 {[%emt 0:03:21]} Rc2 {[%emt 0:00:06]} 41. a3 {[%emt 0:35:07]} Bc5 {[%emt 0:30:44]} 42. Nxa7 {[%emt 0:00:00]} Bxa3 {[%emt 0:00:00]} 43. Nb5 {[%emt 0:00:00]} Bc5 {[%emt 0:00:00]} 44. Rd5 {[%emt 0:00:00]} Kg6 {[%emt 0:00:00]} 45. Nd4 {[%emt 0:00:00]} Rd2 {[%emt 0:00:00]} 46. Rd8 {[%emt 0:00:00]} h5 {[%emt 0:00:13]} 47. Rg8+ {[%emt 0:00:00]} Kh7 {[%emt 0:00:36]} 48. Rg5 {[%emt 0:00:00]} Bxd4 {[%emt 0:02:26]} 49. exd4 {[%emt 0:00:00]} Kh6 {[%emt 0:00:05]} 50. Rb5 {[%emt 0:00:00]} Rxd4 {[%emt 0:00:40]} 51. Rxb6+ {[%emt 0:00:00]} Kg5 {[%emt 0:00:03]} 52. f4+ {[%emt 0:00:00]} Kg4 {[%emt 0:01:32]} 53. Ke2 {[%emt 0:00:00]} h4 {[%emt 0:00:43]} 54. Rg6+ {[%emt 0:00:00]} Kh5 {[%emt 0:00:48]} 55. Rg5+ {[%emt 0:00:00]} Kh6 {[%emt 0:00:02]} 56. Rg4 {[%emt 0:00:00]} hxg3 {[%emt 0:00:31]} 57. hxg3 {[%emt 0:00:00]} Ra4 {[%emt 0:00:54]} 58. Rh4+ {[%emt 0:00:00]} Kg7 {[%emt 0:00:31]} 59. Kf3 {[%emt 0:00:00]} Ra3+ {[%emt 0:00:34]} 60. Kg4 {[%emt 0:00:00]} Kg6 {[%emt 0:00:10]} 61. Rxh3 {[%emt 0:00:00]} 1-0

[Event "Cracovia Chess Festival A 2021"]
[Site "Cracow"]
[Date "2022.01.04"]
[Round "9.9"]
[White "Turski, Bartlomiej"]
[Black "Cukrowski, Filip"]
[Result "0-1"]
[WhiteElo "2114"]
[BlackElo "2367"]
[Annotator "ChessBase"]
[PlyCount "86"]
[EventDate "2021.12.27"]
[EventCountry "POL"]
[SourceTitle "playchess.com"]
[Source "ChessBase"]
[SourceQuality "1"]
[TimeControl "40/5400+30:1800+30"]

1. e4 {[%emt 0:00:03]} e6 {[%emt 0:14:29]} 2. d4 {[%emt 0:00:06]} d5 {[%emt 0:00:05]} 3. Nd2 {[%emt 0:00:04]} dxe4 {[%emt 0:00:05]} 4. Nxe4 {[%emt 0:00:05]} Nd7 {[%emt 0:00:07]} 5. Nf3 {[%emt 0:00:11]} Ngf6 {[%emt 0:00:05]} 6. Bd3 {[%emt 0:00:08]} Nxe4 {[%emt 0:01:18]} 7. Bxe4 {[%emt 0:00:01]} Nf6 {[%emt 0:00:09]} 8. Bg5 {[%emt 0:00:29]} Be7 {[%emt 0:17:46]} 9. Bd3 {[%emt 0:00:05]} O-O {[%emt 0:18:56]} 10. Qe2 {[%emt 0:11:02]} h6 {[%emt 0:05:28]} 11. h4 {[%emt 0:02:31]} Re8 {[%emt 0:08:41]} 12. Bxf6 {[%emt 0:01:26]} Bxf6 {[%emt 0:00:06]} 13. O-O-O {[%emt 0:00:11]} Bd7 {[%emt 0:11:12]} 14. Kb1 {[%emt 0:02:39]} Bc6 {[%emt 0:01:03]} 15. Ne5 {[%emt 0:04:16]} Kf8 {[%emt 0:03:29]} 16. Nxc6 {[%emt 0:03:09]} bxc6 {[%emt 0:00:01]} 17. Be4 {[%emt 0:00:08]} Qd6 {[%emt 0:01:11]} 18. Qf3 {[%emt 0:06:12]} Rab8 {[%emt 0:00:12]} 19. Bxc6 {[%emt 0:07:08]} Red8 {[%emt 0:10:21]} 20. Rd3 {[%emt 0:17:02]} Rb6 {[%emt 0:00:37]} 21. Ba4 {[%emt 0:00:48]} a5 {[%emt 0:02:20]} 22. Bb3 {[%emt 0:05:36]} Rdb8 {[%emt 0:00:01]} 23. a4 {[%emt 0:00:27]} Rb4 {[%emt 0:00:01]} 24. Rhd1 {[%emt 0:04:30]} Bxd4 {[%emt 0:00:44]} 25. R1d2 {[%emt 0:03:57]} c5 {[%emt 0:01:30]} 26. c3 {[%emt 0:00:44]} Rxb3 {[%emt 0:00:09]} 27. cxd4 {[%emt 0:00:04]} c4 {[%emt 0:00:15]} 28. Rxb3 {[%emt 0:01:35]} cxb3 {[%emt 0:00:11]} 29. Qc3 {[%emt 0:00:07]} Qh2 {[%emt 0:01:07]} 30. Rd1 {[%emt 0:01:49]} Qxg2 {[%emt 0:00:23]} 31. Qc7 {[%emt 0:01:34]} Qe4+ {[%emt 0:00:25]} 32. Ka1 {[%emt 0:00:05]} Qa8 {[%emt 0:01:19]} 33. Qd6+ {[%emt 0:01:39]} Kg8 {[%emt 0:00:06]} 34. Rg1 {[%emt 0:00:02]} Rb4 {[%emt 0:00:56]} 35. Qe5 {[%emt 0:00:43]} Rxa4+ {[%emt 0:00:08]} 36. Kb1 {[%emt 0:00:03]} Qf8 {[%emt 0:00:43]} 37. Rc1 {[%emt 0:00:54]} Qd8 {[%emt 0:01:33]} 38. Rd1 {[%emt 0:03:33]} Qd5 {[%emt 0:00:12]} 39. Qf4 {[%emt 0:00:34]} Qc4 {[%emt 0:01:37]} 40. Qe4 {[%emt 0:00:00]} Qd5 {[%emt 0:00:00]} 41. Qf4 {[%emt 0:00:33]} Kh7 {[%emt 0:02:16]} 42. f3 {[%emt 0:00:25]} Qc4 {[%emt 0:04:30]} 43. Qe4+ {[%emt 0:01:07]} f5 {[%emt 0:00:06]} 0-1

[Event "Cracovia Chess Festival A 2021"]
[Site "Cracow"]
[Date "2022.01.04"]
[Round "9.12"]
[White "Seemann, Jakub"]
[Black "Vardanyan, Aras"]
[Result "0-1"]
[WhiteElo "2312"]
[BlackElo "2222"]
[Annotator "ChessBase"]
[PlyCount "118"]
[EventDate "2021.12.27"]
[EventCountry "POL"]
[SourceTitle "playchess.com"]
[Source "ChessBase"]
[SourceQuality "1"]
[TimeControl "40/5400+30:1800+30"]

1. d4 {[%emt 0:00:03]} Nf6 {[%emt 0:04:59]} 2. Nf3 {[%emt 0:00:04]} c5 {[%emt 0:01:33]} 3. d5 {[%emt 0:00:05]} g6 {[%emt 0:00:40]} 4. Nc3 {[%emt 0:00:13]} Bg7 {[%emt 0:00:04]} 5. e4 {[%emt 0:00:05]} d6 {[%emt 0:00:04]} 6. a4 {[%emt 0:00:25]} O-O {[%emt 0:00:08]} 7. Bc4 {[%emt 0:00:10]} Bg4 {[%emt 0:01:26]} 8. h3 {[%emt 0:00:43]} Bxf3 {[%emt 0:00:15]} 9. Qxf3 {[%emt 0:00:04]} Nbd7 {[%emt 0:00:04]} 10. Qd1 {[%emt 0:00:49]} b6 {[%emt 0:02:51]} 11. O-O {[%emt 0:00:50]} a6 {[%emt 0:01:04]} 12. Qe2 {[%emt 0:01:17]} Qc8 {[%emt 0:03:11]} 13. f4 {[%emt 0:00:25]} Ne8 {[%emt 0:01:27]} 14. Bd2 {[%emt 0:05:18]} Nc7 {[%emt 0:03:40]} 15. Ra3 {[%emt 0:00:43]} Qb7 {[%emt 0:02:15]} 16. Rb3 Rfb8 {[%emt 0:00:30]} 17. Rb1 Qc8 {[%emt 0:00:30]} 18. Kh2 Qe8 {[%emt 0:00:30]} 19. Be1 Kh8 {[%emt 0:00:30]} 20. Bg3 Nf6 {[%emt 0:00:30]} 21. Be1 e6 {[%emt 0:00:30]} 22. Qd3 exd5 {[%emt 0:00:30]} 23. exd5 Qd7 {[%emt 0:00:30]} 24. Bd2 Ra7 {[%emt 0:00:30]} 25. Re1 h5 {[%emt 0:00:30]} 26. g3 Ng8 {[%emt 0:00:30]} 27. Qe2 Nh6 {[%emt 0:00:30]} 28. Qe7 Qxe7 {[%emt 0:00:30]} 29. Rxe7 Nf5 {[%emt 0:00:30]} 30. Rxf7 Nd4 {[%emt 0:00:30]} 31. Kg2 Nxb3 {[%emt 0:00:30]} 32. cxb3 b5 {[%emt 0:00:30]} 33. axb5 Nxb5 {[%emt 0:00:30]} 34. Nxb5 axb5 {[%emt 0:00:30]} 35. Rxa7 bxc4 {[%emt 0:00:30]} 36. Bc1 Rxb3 {[%emt 0:00:30]} 37. Ra4 Bxb2 {[%emt 0:00:30]} 38. Rxc4 Bxc1 {[%emt 0:00:30]} 39. Rxc1 Rd3 {[%emt 0:00:30]} 40. g4 hxg4 {[%emt 0:00:30]} 41. hxg4 Kg7 {[%emt 0:30:30]} 42. Ra1 Kf6 {[%emt 0:00:30]} 43. Ra6 Rxd5 {[%emt 0:00:30]} 44. Kf3 Rd4 {[%emt 0:00:30]} 45. Ra8 g5 {[%emt 0:00:30]} 46. fxg5+ Kxg5 {[%emt 0:00:30]} 47. Rg8+ Kf6 {[%emt 0:00:30]} 48. g5+ Kf7 {[%emt 0:00:30]} 49. Rd8 Ke6 {[%emt 0:00:30]} 50. Ke3 Kf5 {[%emt 0:00:30]} 51. Rg8 Rg4 {[%emt 0:00:30]} 52. Rd8 Rg3+ {[%emt 0:00:30]} 53. Kf2 Rd3 {[%emt 0:00:30]} 54. Rg8 c4 {[%emt 0:00:30]} 55. g6 d5 {[%emt 0:00:30]} 56. Ke2 Kf6 {[%emt 0:00:30]} 57. Rf8+ Kxg6 {[%emt 0:00:30]} 58. Rf4 Kg5 {[%emt 0:00:30]} 59. Rf8 d4 {[%emt 0:00:30]} 0-1

[Event "Cracovia Chess Festival A 2021"]
[Site "Cracow"]
[Date "2022.01.04"]
[Round "9.14"]
[White "Paszewski, Mateusz"]
[Black "Ulasevich, Sergei"]
[Result "1-0"]
[WhiteElo "2300"]
[BlackElo "2171"]
[Annotator "ChessBase"]
[PlyCount "105"]
[EventDate "2021.12.27"]
[EventCountry "POL"]
[SourceTitle "playchess.com"]
[Source "ChessBase"]
[SourceQuality "1"]
[TimeControl "40/5400+30:1800+30"]

1. d4 {[%emt 0:03:35]} Nf6 {[%emt 0:00:11]} 2. c4 {[%emt 0:00:04]} e5 {[%emt 0:01:22]} 3. dxe5 {[%emt 0:00:14]} Ng4 {[%emt 0:00:06]} 4. Bf4 {[%emt 0:00:13]} Nc6 {[%emt 0:00:11]} 5. Nf3 {[%emt 0:00:33]} Bb4+ {[%emt 0:00:07]} 6. Nc3 {[%emt 0:00:23]} Qe7 {[%emt 0:00:18]} 7. Qd5 {[%emt 0:01:19]} Bxc3+ {[%emt 0:00:16]} 8. bxc3 {[%emt 0:00:01]} f6 {[%emt 0:00:07]} 9. exf6 {[%emt 0:00:24]} Nxf6 {[%emt 0:00:07]} 10. Qd3 {[%emt 0:07:30]} d6 {[%emt 0:00:11]} 11. g3 {[%emt 0:07:03]} O-O {[%emt 0:00:12]} 12. Bg2 {[%emt 0:03:23]} Re8 {[%emt 0:00:10]} 13. O-O {[%emt 0:16:52]} Qxe2 {[%emt 0:00:36]} 14. Qxe2 {[%emt 0:02:09]} Rxe2 {[%emt 0:00:02]} 15. Nd4 {[%emt 0:00:06]} Nxd4 {[%emt 0:02:35]} 16. cxd4 {[%emt 0:00:09]} Be6 {[%emt 0:01:34]} 17. Bxb7 {[%emt 0:21:12]} Rb8 {[%emt 0:02:43]} 18. Rfb1 {[%emt 0:11:20]} Rc2 {[%emt 0:48:02]} 19. c5 {[%emt 0:03:08]} dxc5 {[%emt 0:05:36]} 20. Bxc7 {[%emt 0:00:22]} Rxb7 {[%emt 0:00:06]} 21. Rxb7 {[%emt 0:00:05]} cxd4 {[%emt 0:00:03]} 22. Be5 {[%emt 0:06:49]} d3 {[%emt 0:01:32]} 23. Bxf6 {[%emt 0:00:04]} gxf6 {[%emt 0:00:06]} 24. Rd1 {[%emt 0:00:16]} Bd5 {[%emt 0:04:22]} 25. Rd7 {[%emt 0:00:36]} Bf3 {[%emt 0:01:36]} 26. Rb1 {[%emt 0:04:00]} Rc8 {[%emt 0:01:23]} 27. h3 {[%emt 0:05:29]} Be4 {[%emt 0:10:25]} 28. Re1 {[%emt 0:00:21]} Bf5 {[%emt 0:02:56]} 29. Rd5 {[%emt 0:00:18]} Bg6 {[%emt 0:02:07]} 30. g4 {[%emt 0:00:52]} Kg7 {[%emt 0:04:49]} 31. Re7+ {[%emt 0:01:27]} Kh6 {[%emt 0:00:03]} 32. h4 {[%emt 0:00:31]} Rc2 {[%emt 0:07:47]} 33. h5 {[%emt 0:00:54]} Re2 {[%emt 0:00:02]} 34. Re3 {[%emt 0:04:43]} Be4 {[%emt 0:01:42]} 35. Rd4 {[%emt 0:00:31]} f5 {[%emt 0:01:09]} 36. gxf5 {[%emt 0:00:16]} Bxf5 {[%emt 0:00:16]} 37. a4 {[%emt 0:01:02]} Kxh5 {[%emt 0:01:35]} 38. Kg2 {[%emt 0:00:23]} Kg5 {[%emt 0:01:38]} 39. Kf3 {[%emt 0:00:47]} Ra2 {[%emt 0:00:56]} 40. Re5 {[%emt 0:00:00]} Kf6 {[%emt 0:00:00]} 41. Ra5 {[%emt 0:05:57]} Ke6 {[%emt 0:09:33]} 42. Kg3 {[%emt 0:06:20]} Bg6 {[%emt 0:07:27]} 43. f4 {[%emt 0:04:33]} Ra1 {[%emt 0:03:45]} 44. Re5+ {[%emt 0:02:29]} Kf7 {[%emt 0:00:40]} 45. Rd7+ {[%emt 0:00:53]} Kf6 {[%emt 0:00:05]} 46. Rd6+ {[%emt 0:00:07]} Kf7 {[%emt 0:01:15]} 47. f5 {[%emt 0:02:54]} Bh5 {[%emt 0:00:06]} 48. Ra5 {[%emt 0:01:18]} Ra3 {[%emt 0:00:51]} 49. Rxa7+ {[%emt 0:00:32]} Ke8 {[%emt 0:00:51]} 50. Kh4 {[%emt 0:01:04]} Bf7 {[%emt 0:00:19]} 51. f6 {[%emt 0:00:16]} Kf8 {[%emt 0:00:33]} 52. Rd8+ {[%emt 0:00:08]} Be8 {[%emt 0:00:01]} 53. f7 {[%emt 0:00:19]} 1-0

[Event "Cracovia Chess Festival A 2021"]
[Site "Cracow"]
[Date "2022.01.04"]
[Round "9.15"]
[White "Warakomska, Anna"]
[Black "Georgakopoulos, Nikolaos K."]
[Result "1/2-1/2"]
[WhiteElo "2276"]
[BlackElo "2159"]
[Annotator "TA"]
[PlyCount "230"]
[EventDate "2021.12.27"]
[EventCountry "POL"]
[SourceTitle "playchess.com"]
[Source "ChessBase"]
[SourceQuality "1"]

{[%evp 12,230,46,13,41,37,41,22,16,28,22,22,26,15,12,28,50,-10,0,0,0,0,-15,-18,-17,-16,-8,-19,-12,-14,-21,-55,-13,-6,-4,-29,-21,-22,0,0,0,0,0,-66,-64,-55,-56,-56,-56,-56,-54,-62,-50,-52,-44,-44,-43,-45,-50,-45,-51,-70,-70,-70,-70,-70,-70,-70,-70,-77,-70,-77,-77,-77,-70,-77,-77,-77,-54,-54,-54,-54,-54,-54,-54,-54,-54,-54,-54,-54,-54,-54,-54,-54,-49,-54,-31,-31,-27,-35,-35,-35,-35,-35,-29,-45,-9,-9,-9,-9,-9,-9,-9,-14,-14,-16,-14,-14,-14,-14,-15,-15,-8,-8,-8,-8,-8,-8,-8,-8,0,-20,-24,-29,-24,-29,-20,-30,-24,-30,-8,-31,-8,-20,-8,-40,-8,-8,-8,-37,-8,-8,-16,-37,-8,-8,-8,-8,-8,-8,-8,-8,-8,-8,-8,-8,-8,-8,-8,-8,-8,-8,-8,-8,-8,-12,-8,-8,-8,-9,-8,-8,-8,-8,-8,-8,-8,-8,-8,-8,-8,-8,-8,-8,-8,-8,-8,-8,-8,-8,-8,-8,-8,-8,-8,-8,-8,-12,-8,-8,-8,-8,-8,-12,-8,-8,-8,-9,-8,-12,-8]} 1. d4 Nf6 2. c4 g6 3. g3 Bg7 4. Bg2 O-O 5. Nc3 d6 6. Nf3 c6 7. e4 Be6 {E62: King's Indian: Fianchetto: 6...c6 and Panno Variation (6...Nc6) without ...a6.} 8. Qe2 Bg4 9. h3 (9. Be3 {seems wilder.} e5 10. Rd1 exd4 11. Bxd4 Qe7 12. O-O) 9... Bxf3 10. Bxf3 Nfd7 {[%cal Bf6d7,Bd7e5,Be5c4,Bc4b6][%mdl 32]} 11. Be3 c5 12. d5 Ne5 13. Bg2 Qb6 $1 {[%cal Ob6b2] [#] Hoping for ...Qxb2!} 14. O-O $146 (14. O-O-O $14) ({Predecessor:} 14. Rd1 Qb4 15. Bf1 b5 16. cxb5 c4 17. Qc2 Nf3+ 18. Ke2 Ne5 19. a3 Qa5 20. f4 {1-0 (64) Keymer,V (2630)-Xiong,J (2700) Riga 2021}) 14... Qb4 $1 $11 15. Bg5 f6 16. Bc1 Qxc4 17. Qxc4 Nxc4 18. Nb5 Na6 {To avoid Nc7} 19. b3 Nb6 20. Bd2 Rfc8 21. Ba5 (21. h4 {is interesting.} Nb4 22. Rae1 Nxa2 23. Bh3 a6 24. Be6+) 21... Nc7 (21... Nd7 $15 {was preferrable.}) 22. Nxc7 $1 ({Don't play} 22. Nxa7 Rxa7 23. Bxb6 Ra3 24. Bxc7 Rxc7 $17) 22... Rxc7 23. h4 f5 24. Rae1 fxe4 25. Rxe4 Kf8 26. Rfe1 Bf6 27. R4e2 ({Better is} 27. Bf1 $11) 27... c4 $15 28. Bxb6 axb6 29. bxc4 $1 Rxc4 30. Rb1 Bd4 31. Rb3 Rc1+ 32. Kh2 Ra1 33. Rb4 Bf6 34. Rxb6 R8xa2 35. Rxa2 Rxa2 36. Rxb7 Rxf2 {[%mdl 4096] Endgame KRB-KRB} 37. Rb3 Kg7 38. Re3 Be5 39. Kh3 Rd2 40. Be4 h5 41. Bg2 Kh6 42. Be4 Rf2 43. Bg2 Rb2 44. Bf3 g5 45. hxg5+ Kxg5 46. Re2 Rb3 47. Kg2 Rd3 48. Re1 Rd2+ 49. Re2 Rd4 50. Re1 Ra4 51. Re4 Ra2+ 52. Re2 Ra8 53. Re4 Rg8 54. Rh4 Kf6 55. g4 hxg4 56. Rxg4 Rh8 57. Be4 Rh6 58. Kf3 e6 59. dxe6 Rh3+ 60. Ke2 Kxe6 61. Rg6+ Bf6 62. Bg2 Ra3 63. Rg8 Ke5 64. Re8+ Kd4 65. Re4+ Kc5 66. Rg4 d5 67. Rg6 Be7 68. Rg7 Ra7 69. Kd3 Kd6 70. Rf7 Ke5 71. Bf1 Ra3+ 72. Kc2 Bg5 73. Bd3 Kd4 74. Bh7 Rc3+ 75. Kd1 Be3 76. Re7 Rc8 77. Ke2 Bg5 78. Rg7 Bf6 79. Rg4+ Ke5 80. Rg8 Rc6 (80... Rc7 $5 {[%cal Rc7h7]} 81. Bd3 Rc3 $11) 81. Rg4 Rc7 82. Bd3 d4 83. Re4+ {The position is equal.} Kd5 84. Re8 Be5 85. Rd8+ Bd6 86. Re8 Rg7 87. Kd2 Rg2+ 88. Re2 Bf4+ 89. Kc2 Rg1 90. Re8 $1 Rc1+ 91. Kb2 Rc7 92. Rd8+ Bd6 93. Re8 Be7 94. Rh8 Ke5 95. Rh1 Kf4 96. Re1 Kf3 97. Bg6 Bg5 98. Rd1 Be3 99. Bh5+ Kf2 100. Rd3 Rc5 101. Bg6 Ke2 102. Kb3 Rg5 103. Bh7 Rg7 104. Be4 Rg1 105. Bh7 Kf3 {[#] White must now prevent ...Kf4.} 106. Bf5 Kf4 107. Be6 Rb1+ (107... Ke4 $5 108. Bc4 Ke5 $11) 108. Kc4 Ke5 109. Bg8 Rb7 {...Rg7 is the strong threat.} (109... Rg1 $5 110. Bf7 Rf1 $11) 110. Kc5 Rc7+ 111. Kb4 Ke4 112. Bc4 Bf4 113. Rd1 Bd6+ 114. Kb3 Bg3 115. Rd2 Rb7+ {Weighted Error Value: White=0.09 (flawless) /Black=0.04 (flawless)} 1/2-1/2

[Event "Cracovia Chess Festival A 2021"]
[Site "Cracow"]
[Date "2022.01.04"]
[Round "9.16"]
[White "Malek, Jan"]
[Black "Gahan M G"]
[Result "1-0"]
[WhiteElo "2149"]
[BlackElo "2248"]
[Annotator "ChessBase"]
[PlyCount "113"]
[EventDate "2021.12.27"]
[EventCountry "POL"]
[SourceTitle "playchess.com"]
[Source "ChessBase"]
[SourceQuality "1"]
[TimeControl "40/5400+30:1800+30"]

1. c4 {[%emt 0:00:05]} Nf6 {[%emt 0:01:48]} 2. Nf3 {[%emt 0:00:09]} g6 {[%emt 0:00:13]} 3. Nc3 {[%emt 0:00:07]} c6 {[%emt 0:00:09]} 4. d4 {[%emt 0:00:16]} d5 {[%emt 0:00:06]} 5. cxd5 {[%emt 0:00:42]} cxd5 {[%emt 0:00:02]} 6. Bf4 {[%emt 0:00:08]} Bg7 {[%emt 0:00:37]} 7. e3 {[%emt 0:00:09]} O-O {[%emt 0:00:43]} 8. Bd3 {[%emt 0:09:56]} Qb6 {[%emt 0:01:42]} 9. a3 {[%emt 0:04:32]} Bd7 {[%emt 0:03:50]} 10. b4 {[%emt 0:03:32]} a5 {[%emt 0:02:23]} 11. b5 {[%emt 0:07:16]} a4 {[%emt 0:03:33]} 12. O-O {[%emt 0:03:46]} Qa5 {[%emt 0:01:06]} 13. Qd2 {[%emt 0:11:53]} Rc8 {[%emt 0:01:16]} 14. Rfc1 {[%emt 0:00:11]} Bf8 {[%emt 0:02:41]} 15. Na2 {[%emt 0:09:34]} Rxc1+ {[%emt 0:08:07]} 16. Rxc1 {[%emt 0:02:20]} Qxd2 {[%emt 0:00:13]} 17. Nxd2 {[%emt 0:00:01]} e6 {[%emt 0:00:50]} 18. Rc7 {[%emt 0:04:40]} Nh5 {[%emt 0:00:48]} 19. Rxb7 {[%emt 0:08:57]} Nxf4 {[%emt 0:00:17]} 20. exf4 {[%emt 0:00:13]} Bxa3 {[%emt 0:01:51]} 21. b6 {[%emt 0:00:33]} Bd6 {[%emt 0:00:24]} 22. Ra7 {[%emt 0:00:14]} Bc6 {[%emt 0:00:12]} 23. Bb5 {[%emt 0:00:58]} Bxb5 {[%emt 0:00:09]} 24. Rxa8 {[%emt 0:00:07]} Bc6 {[%emt 0:01:18]} 25. Ra7 {[%emt 0:04:18]} Nd7 {[%emt 0:00:24]} 26. Nf3 {[%emt 0:06:44]} f6 {[%emt 0:04:07]} 27. b7 {[%emt 0:00:24]} Nb8 {[%emt 0:04:57]} 28. Nc3 {[%emt 0:00:49]} a3 {[%emt 0:00:38]} 29. Nb1 {[%emt 0:01:32]} Bxf4 {[%emt 0:03:30]} 30. Nxa3 {[%emt 0:00:30]} Kf7 {[%emt 0:01:57]} 31. Nc2 {[%emt 0:08:54]} Bd6 {[%emt 0:00:49]} 32. Ra1 {[%emt 0:00:30]} Ke7 {[%emt 0:01:37]} 33. Rb1 {[%emt 0:00:07]} Kd7 {[%emt 0:00:51]} 34. Nb4 {[%emt 0:00:06]} Bxb7 {[%emt 0:01:36]} 35. Nd3 {[%emt 0:00:02]} Bc6 {[%emt 0:00:33]} 36. Nc5+ {[%emt 0:00:08]} Ke7 {[%emt 0:00:34]} 37. Rc1 {[%emt 0:04:07]} Be8 {[%emt 0:03:17]} 38. Nb7 {[%emt 0:00:26]} Bf4 {[%emt 0:00:27]} 39. Re1 {[%emt 0:01:36]} Nc6 {[%emt 0:01:30]} 40. Nc5 {[%emt 0:00:00]} Bf7 {[%emt 0:00:00]} 41. Rb1 {[%emt 0:01:02]} Nd8 {[%emt 0:01:28]} 42. h4 {[%emt 0:06:39]} h6 {[%emt 0:02:54]} 43. g3 {[%emt 0:01:08]} Bc7 {[%emt 0:00:26]} 44. Ra1 {[%emt 0:01:55]} g5 {[%emt 0:00:35]} 45. Ra7 {[%emt 0:00:22]} Kd6 {[%emt 0:00:05]} 46. Ra6+ {[%emt 0:02:12]} Ke7 {[%emt 0:00:07]} 47. hxg5 {[%emt 0:02:40]} hxg5 {[%emt 0:00:05]} 48. Nh2 {[%emt 0:03:51]} Be8 {[%emt 0:05:47]} 49. Ra7 {[%emt 0:00:10]} Kd6 {[%emt 0:00:07]} 50. Ng4 {[%emt 0:00:08]} Nc6 {[%emt 0:00:45]} 51. Nxf6 {[%emt 0:00:15]} Nxa7 {[%emt 0:06:38]} 52. Nxe8+ {[%emt 0:01:24]} Kc6 {[%emt 0:00:03]} 53. Nxc7 {[%emt 0:00:19]} Kxc7 {[%emt 0:02:21]} 54. Nxe6+ {[%emt 0:00:07]} Kd6 {[%emt 0:00:03]} 55. Nxg5 {[%emt 0:00:01]} Nc6 {[%emt 0:00:19]} 56. Nf3 {[%emt 0:00:05]} Ke6 {[%emt 0:00:11]} 57. g4 {[%emt 0:00:18]} 1-0

[Event "Cracovia Chess Festival A 2021"]
[Site "Cracow"]
[Date "2022.01.04"]
[Round "9.17"]
[White "Dev, Shah"]
[Black "Barath Kalyan M"]
[Result "1/2-1/2"]
[WhiteElo "2243"]
[BlackElo "2103"]
[Annotator "ChessBase"]
[PlyCount "45"]
[EventDate "2021.12.27"]
[EventCountry "POL"]
[SourceTitle "playchess.com"]
[Source "ChessBase"]
[SourceQuality "1"]
[TimeControl "40/5400+30:1800+30"]

1. d4 {[%emt 0:00:49]} Nf6 {[%emt 0:01:26]} 2. c4 {[%emt 0:00:14]} e6 {[%emt 0:00:07]} 3. Nf3 {[%emt 0:00:20]} Bb4+ {[%emt 0:00:08]} 4. Bd2 {[%emt 0:00:05]} Qe7 {[%emt 0:00:06]} 5. g3 {[%emt 0:00:23]} Nc6 {[%emt 0:00:17]} 6. Bg2 {[%emt 0:00:33]} Bxd2+ {[%emt 0:00:10]} 7. Nbxd2 {[%emt 0:00:05]} d6 {[%emt 0:00:08]} 8. O-O {[%emt 0:00:27]} a5 {[%emt 0:00:12]} 9. e4 {[%emt 0:02:34]} e5 {[%emt 0:00:27]} 10. d5 {[%emt 0:00:06]} Nb8 {[%emt 0:01:11]} 11. Ne1 {[%emt 0:00:29]} O-O {[%emt 0:00:41]} 12. Nd3 {[%emt 0:00:30]} Nbd7 {[%emt 0:01:00]} 13. f4 {[%emt 0:08:31]} b6 {[%emt 0:01:02]} 14. Qc2 {[%emt 0:04:29]} Nc5 {[%emt 0:02:56]} 15. Rae1 {[%emt 0:00:37]} Nfd7 {[%emt 0:01:13]} 16. f5 {[%emt 0:01:39]} Nxd3 {[%emt 0:00:18]} 17. Qxd3 {[%emt 0:00:07]} Nc5 {[%emt 0:00:05]} 18. Qe3 {[%emt 0:03:15]} f6 {[%emt 0:02:00]} 19. b3 {[%emt 0:01:38]} Bd7 {[%emt 0:00:52]} 20. a4 {[%emt 0:00:44]} g5 {[%emt 0:06:54]} 21. g4 {[%emt 0:08:37]} Qg7 {[%emt 0:02:24]} 22. Bf3 {[%emt 0:03:54]} Kf7 {[%emt 0:00:10]} 23. Rf2 {[%emt 0:00:42]} 1/2-1/2